000 01585nam a22002777a 4500
001 000348
003 DO-SdBNP
005 20171109093812.0
007 000348
008 160704b 2007 nyu xxu||||| |||| 00| 0 spa d
020 _a9781594201318
040 _aBPMSU
_bspa
_cBPMSU
082 4 _a330.0922
_bG815a
100 1 _aGreenspan, Alan,
_d1926-
245 1 0 _aThe age of turbulence :
_badventures in a new world /
_cAlan Greenspan.
260 0 _aNew York :
_bPenguin Books,
_c2007.
300 _a531 p. :
_bil. ;
_c25 cm.
505 0 _tCity kid --
_tThe making of an economist --
_tEconomics meets politics --
_tPrivate citizen --
_tBlack Monday --
_tThe fall of the wall --
_tA Democrat's agenda --
_tIrrational exuberance --
_tMillennium fever --
_tDownturn --
_tThe nation challenged --
_tThe universals of economic growth --
_tThe modes of capitalism --
_tThe choices that await China --
_tThe tigers and the elephant --
_tRussia's sharp elbows --
_tLatin America and populism --
_tCurrent accounts and debt --
_tGlobalization and regulation --
_tThe "conundrum" --
_tEducation and income inequality --
_tThe world retires. But can it afford to? --
_tCorporate governance --
_tThe long-term energy squeeze --
_tThe Delphic future --
_tAcknowledgments --
_tA note on sources.
600 _aGREENSPAN, ALAN
_d1926-
650 4 _aECONOMISTAS NORTEAMERICANOS
_xBIOGRAFÍAS
651 4 _aESTADOS UNIDOS
_xCONDICIONES ECONÓMICAS
_y1945-
910 _aValidado. Control de calidad MFF
942 _2ddc
_cBK
945 _aInventariado, 2017/MFF
956 _2LOPEREZ
_310
_620160704
_8BPMSU
_a00041
999 _c10672
_d10672